000 00422nam a2200181Ia 4500
001 24163
005 20260414151025.0
008 260414t2014||||xx |||||||||||||| ||spa||
041 _aESP
082 _a791.43
_bA37
100 _aAlcántara, Manuel
_eAUT
245 0 _aLa política va al cine
_b
260 _c2014
300 _a298 páginas :
_c23 cm.
650 _aABD
654 _aCAU
942 _cLIB
_dJUS
_fJUS
_2ddc
_n
999 _c24163
_d24163